Statistics for Poorest countries in the world

Click here to take the quiz!

General Stats

  • This quiz has been taken 54 times
  • The average score is 5 of 10

Answer Stats

Answer % Correct
7Niger
83%
1Demacratic Republic of the Congo
68%
3Burundi
60%
5Eritrea
58%
6Central African Republic
55%
8Malawi
55%
4Liberia
53%
2Zimbabwe
47%
10Afghanistan
34%
9Madagascar
30%

Score Distribution

Percentile by Number Answered

Percent of People with Each Score

Your Score History

You have not taken this quiz